Statistics for Billy Joel Lyrics Quiz (Part 83)

Click here to take the quiz!

General Stats

  • This quiz has been taken 10 times
    (6 since last reset)
  • The average score is 143 of 224

Answer Stats

Answer% Correct
a
100%
And
100%
and
100%
be
100%
I
100%
in
100%
is
100%
it
100%
‘n’
100%
on
100%
the
100%
to
100%
When
100%
you
100%
You
100%
are
83%
But
83%
by
83%
can
83%
do
83%
don’t
83%
for
83%
I’m
83%
of
83%
she
83%
shoes
83%
they
83%
want
83%
were
83%
what
83%
where
83%
Why
83%
any
67%
blue
67%
every
67%
get
67%
into
67%
went
67%
with
67%
your
67%
all
50%
around
50%
baby,
50%
baby
50%
back
50%
dance
50%
dreams
50%
got
50%
never
50%
nothin’
50%
Oh,
50%
play
50%
radio
50%
rock
50%
roll
50%
romance?
50%
sing
50%
songs
50%
suede
50%
they’re
50%
together?
50%
wanna
50%
Well,
50%
You've
50%
ain’t
33%
away
33%
Beatles
33%
chance
33%
days
33%
given
33%
good
33%
hide
33%
made
33%
make
33%
messed
33%
old
33%
out
33%
over
33%
party
33%
saying
33%
stand
33%
steady
33%
think
33%
Through
33%
tired
33%
used
33%
waiting
33%
wish
33%
year
33%
beer
17%
cheaper
17%
dangerous
17%
deal
17%
didn’t
17%
drugs
17%
favorite
17%
future
17%
getting
17%
heard
17%
honey
17%
inch
17%
lost
17%
music
17%
nobody
17%
oldies
17%
plans
17%
seventies
17%
sick
17%
speaker
17%
stereo
17%
three
17%
tomatoes
17%
turned
17%
understand
17%
unless
17%
words
17%
yesterday
17%
crawl
0%

Score Distribution

Percentile by Number Answered

Percent of People with Each Score

Your Score History

You have not taken this quiz since the last reset